[Event "HUN-chT2 Erkel 1718"]
[Site "Hungary"]
[Date "2017.12.17"]
[Round "6.12"]
[White "Molnar, Laszlo6666"]
[Black "Kurko, Bence"]
[Result "0-1"]
[WhiteElo "1526"]
[BlackElo "1515"]
[PlyCount "78"]
[EventDate "2017.09.24"]
[EventType "team-tourn"]
[EventRounds "11"]
[EventCountry "HUN"]
[SourceTitle "EXT 2021"]
[Source "ChessBase"]
[SourceDate "2020.10.23"]
[SourceVersion "1"]
[SourceVersionDate "2020.10.23"]
[SourceQuality "1"]
[WhiteTeam "Szada GSBE"]
[BlackTeam "Sarkany DSE"]
[WhiteTeamCountry "HUN"]
[BlackTeamCountry "HUN"]

1. d4 Nf6 2. Bf4 d5 3. e3 c5 4. c3 Nc6 5. Nd2 Qb6 6. Qb3 c4 7. Qxb6 axb6 8. Be2 b5 9. Ngf3 b4 10. 0-0 e6 11. Ne5 Bd7 12. Nxd7 Nxd7 13. e4 b5 14. exd5 exd5 15. Bf3 bxc3 16. Rfe1+ Ne7 17. bxc3 Nf6 18. Bd6 Rd8 19. Bb4 g5 20. g3 g4 21. Bg2 h5 22. a4 bxa4 23. Rxa4 Rh6 24. Ra6 Nfg8 25. Rxh6 Nxh6 26. Nb1 f5 27. Na3 Nf7 28. Nb5 Rd7 29. Bxd5 Rxd5 30. Nc7+ Kd7 31. Nxd5 Nxd5 32. Bxf8 Ng5 33. Ra1 Nxc3 34. Bb4 Nd5 35. Ba5 Kc6 36. Rb1 Nf3+ 37. Kg2 Nxd4 38. Rb8 Nb3 39. Be1 Kc5 0-1